[Event "DEM U16 2005"]
[Site "Willingen GER"]
[Date "2005.05.17"]
[Round "4"]
[White "Dinger, Florian"]
[Black "Rehberg, Raphael"]
[Result "1/2-1/2"]
[Termination "normal"]
[Board "5"]
[WhiteElo "2099"]
[BlackElo "2189"]
[PlyCount "107"]
[WhiteFideId "24605573"]
[BlackFideId "4686799"]
[EventCountry "GER"]
[EventRounds "9"]
[EventType "swiss"]
[EventDate "2005.05.15"]

1. e4 c5 2. Nf3 e6 3. d4 cxd4 4. Nxd4 a6 5. Bd3 Nf6 6. O-O Qc7 7. Qe2 Bc5 8.
Nb3 Ba7 9. e5 Nd5 10. c4 Nb4 11. Bf4 Nxd3 12. Qxd3 f6 13. Qf3 fxe5 14. Be3 Nc6
15. Nc3 Nd4 16. Bxd4 exd4 17. Ne4 Qe5 18. Rae1 Bb8 19. Ng3 Qf6 20. Qh5+ g6 21.
Qc5 Ba7 22. Ne4 Bxc5 23. Nxf6+ Ke7 24. Nxc5 Kxf6 25. Nb3 d6 26. f4 b5 27. c5
dxc5 28. Nxc5 a5 29. Re5 Rd8 30. Rfe1 Rd5 31. Rxd5 exd5 32. Re8 d3 33. Nxd3 Bb7
34. Rxa8 Bxa8 35. Kf2 d4 36. Nc5 Bd5 37. Nb3 Kf5 38. Nxd4+ Kxf4 39. Nxb5 Bxa2
40. g3+ Ke5 41. Ke3 Bd5 42. h4 h6 43. Nc3 Bc6 44. Nb1 Kf5 45. Nd2 Kg4 46. Kf2
Bd5 47. Nf1 Be6 48. Ne3+ Kh3 49. Kf3 g5 50. hxg5 hxg5 51. Kf2 Bb3 52. Nf5 Be6
53. Nd4 Bd5 54. Nc2 1/2-1/2

[Event "DEM U16 2005"]
[Site "Willingen GER"]
[Date "2005.05.17"]
[Round "4"]
[White "Alsheimer, Christoph"]
[Black "Tereick, Benjamin"]
[Result "1-0"]
[Termination "time forfeit"]
[Board "6"]
[WhiteElo "2031"]
[BlackElo "2172"]
[PlyCount "74"]
[WhiteFideId "24605433"]
[BlackFideId "24607541"]
[EventCountry "GER"]
[EventRounds "9"]
[EventType "swiss"]
[EventDate "2005.05.15"]

1. d4 e6 2. e4 d5 3. Nc3 Nf6 4. e5 Nfd7 5. Qh5 c5 6. Nf3 cxd4 7. Nxd4 g6 8. Qg4
Nc6 9. Nxc6 bxc6 10. Bg5 Be7 11. Bxe7 Qxe7 12. Qa4 Bb7 13. f4 O-O 14. O-O-O f6
15. exf6 Qxf6 16. g3 Nb6 17. Qb3 c5 18. Na4 d4 19. Nxb6 axb6 20. Rg1 Bd5 21.
Bc4 Rfd8 22. Rge1 b5 23. Bxd5 exd5 24. Qxb5 c4 25. Re5 Rxa2 26. Rxd4 Ra1+ 27.
Kd2 Rb1 28. Kc3 Rf1 29. Rdxd5 Rc8 30. Qb7 Rf3+ 31. Kd4 Rxf4+ 32. gxf4 Qxf4+ 33.
Re4 Qd2+ 34. Ke5 Qg5+ 35. Kd6 Qd8+ 36. Qd7 Qb6+ 37. Ke5 Qxb2+ 1-0

[Event "DEM U16 2005"]
[Site "Willingen GER"]
[Date "2005.05.17"]
[Round "4"]
[White "Pilat, Daniel"]
[Black "Sohl, Jan"]
[Result "1/2-1/2"]
[Termination "normal"]
[Board "7"]
[WhiteElo "2146"]
[BlackElo "2121"]
[PlyCount "86"]
[WhiteFideId "24602116"]
[BlackFideId "4698070"]
[EventCountry "GER"]
[EventRounds "9"]
[EventType "swiss"]
[EventDate "2005.05.15"]

1. e4 c5 2. Nc3 Nc6 3. Bb5 Nd4 4. Bc4 e6 5. Nf3 Nf6 6. O-O a6 7. d3 b5 8. Bb3
Nxb3 9. axb3 d6 10. h3 Bb7 11. Nh2 Be7 12. f4 O-O 13. Qe1 Nd7 14. e5 Qc7 15.
Qg3 dxe5 16. fxe5 Qxe5 17. Bf4 Qh5 18. Qg4 Nf6 19. Qg3 Qg6 20. Qxg6 hxg6 21.
Bg5 Nd5 22. Bxe7 Nxe7 23. Nf3 Rfd8 24. Ng5 Nf5 25. Nce4 Rac8 26. Rf2 Rc6 27. g4
Nh6 28. Nf3 f6 29. g5 fxg5 30. Ne5 Rc7 31. Nxg5 Bc8 32. Nxg6 Nf5 33. Re1 Ne7
34. Nxe6 Bxe6 35. Rxe6 Nxg6 36. Rxg6 Ra8 37. Rff6 c4 38. bxc4 bxc4 39. Rc6 Rxc6
40. Rxc6 cxd3 41. cxd3 Rb8 42. Rc2 Kf7 43. Kf2 Ke6 1/2-1/2

[Event "DEM U16 2005"]
[Site "Willingen GER"]
[Date "2005.05.17"]
[Round "4"]
[White "Ebert, Manuel"]
[Black "Held, Florian"]
[Result "1/2-1/2"]
[Termination "normal"]
[Board "9"]
[WhiteElo "2064"]
[BlackElo "1980"]
[PlyCount "85"]
[WhiteFideId "24621102"]
[BlackFideId "24629090"]
[EventCountry "GER"]
[EventRounds "9"]
[EventType "swiss"]
[EventDate "2005.05.15"]

1. e4 c5 2. Nf3 e6 3. d4 cxd4 4. Nxd4 a6 5. Nc3 b5 6. Bd3 Qb6 7. Nb3 Qc7 8. Be3
Nf6 9. O-O Bb7 10. a3 d6 11. f4 Nbd7 12. Qe2 Be7 13. Rae1 e5 14. Nd2 O-O 15. h3
Rfe8 16. f5 d5 17. exd5 Nxd5 18. Nxd5 Bxd5 19. Bf2 Rac8 20. Kh1 Bc5 21. Bg3 Qc6
22. a4 Bd6 23. axb5 axb5 24. Bxb5 Bxg2+ 25. Kh2 Bxf1 26. Bxc6 Bxe2 27. Bxd7
Rxc2 28. Rxe2 Rd8 29. Ba4 Rxb2 30. Rg2 Ra8 31. Bc6 Raa2 32. Bd5 Ra5 33. Nc4
Rxg2+ 34. Bxg2 Ra6 35. Nxd6 Rxd6 36. Bxe5 Rd2 37. Kg3 f6 38. Bf4 Rd3+ 39. Kg4
g6 40. fxg6 hxg6 41. Bf1 Rd4 42. Kf3 Rxf4+ 43. Kxf4 1/2-1/2

[Event "DEM U16 2005"]
[Site "Willingen GER"]
[Date "2005.05.17"]
[Round "4"]
[White "Böttger, Lukas"]
[Black "Friedrich, Paul-Robert"]
[Result "0-1"]
[Termination "normal"]
[Board "10"]
[WhiteElo "2062"]
[BlackElo "1956"]
[PlyCount "82"]
[WhiteFideId "24620068"]
[BlackFideId "24616036"]
[EventCountry "GER"]
[EventRounds "9"]
[EventType "swiss"]
[EventDate "2005.05.15"]

1. d4 Nf6 2. c4 g6 3. f3 Bg7 4. e4 d6 5. Nc3 O-O 6. Be3 Nc6 7. Nge2 a6 8. Qd2
Rb8 9. Nc1 e5 10. Nb3 Bd7 11. d5 Ne7 12. Bd3 c6 13. dxc6 bxc6 14. Be2 Be6 15.
Rd1 d5 16. cxd5 cxd5 17. exd5 Nfxd5 18. Nxd5 Nxd5 19. Bc5 Re8 20. O-O Nf4 21.
Bxa6 Qg5 22. Kh1 Red8 23. Qf2 Ra8 24. Rxd8+ Qxd8 25. Bb5 Rxa2 26. Nc1 Ra5 27.
Bb6 Qa8 28. Bxa5 Qxa5 29. Be2 Bf8 30. Nd3 Nxe2 31. Qxe2 Bc4 32. Qe4 Qb5 33. Rd1
Bb3 34. Rc1 f5 35. Qe3 Bd6 36. Rc8+ Kg7 37. Rd8 Be7 38. Qa7 Kf6 39. Rd7 Bc5 40.
Qb7 Qa4 41. h4 Qxh4# 0-1

[Event "DEM U16 2005"]
[Site "Willingen GER"]
[Date "2005.05.17"]
[Round "4"]
[White "Lieder, Konrad"]
[Black "Kühn, Martin"]
[Result "1-0"]
[Termination "normal"]
[Board "11"]
[WhiteElo "2058"]
[BlackElo "1758"]
[PlyCount "91"]
[WhiteFideId "4692721"]
[EventCountry "GER"]
[EventRounds "9"]
[EventType "swiss"]
[EventDate "2005.05.15"]

1. d4 e6 2. c4 d5 3. Nf3 Nf6 4. Nc3 Bb4 5. e3 Nbd7 6. Bd2 a6 7. b3 O-O 8. Bd3
b6 9. O-O Bb7 10. Nxd5 Nxd5 11. cxd5 Bxd2 12. dxe6 Bxf3 13. gxf3 fxe6 14. Qxd2
Qg5+ 15. Kh1 Rf6 16. f4 Qd5+ 17. f3 Raf8 18. Be4 Qh5 19. Rg1 R6f7 20. Rg5 Qh6
21. Rag1 Nf6 22. Bd3 Kh8 23. Bxa6 Nd5 24. Bc4 c6 25. R1g3 Ra8 26. Kg2 Rfa7 27.
a4 b5 28. Rh3 bxc4 29. Rxh6 gxh6 30. bxc4 hxg5 31. cxd5 cxd5 32. fxg5 Rxa4 33.
Kg3 Kg7 34. Qc1 Rc4 35. Qb2 Rac8 36. Qb6 R4c6 37. Qb4 R8c7 38. h4 Rf7 39. Qb8
Rcc7 40. h5 Rfe7 41. h6+ Kg6 42. Kg4 Kf7 43. Qh8 e5 44. Qxh7+ Kf8 45. Qh8+ Kf7
46. h7 1-0

[Event "DEM U16 2005"]
[Site "Willingen GER"]
[Date "2005.05.17"]
[Round "4"]
[White "Gegenfurtner, Jürgen"]
[Black "Billing, Christian"]
[Result "1/2-1/2"]
[Termination "normal"]
[Board "12"]
[WhiteElo "1926"]
[BlackElo "2013"]
[PlyCount "46"]
[BlackFideId "4697294"]
[EventCountry "GER"]
[EventRounds "9"]
[EventType "swiss"]
[EventDate "2005.05.15"]

1. d4 d5 2. Nf3 Nf6 3. c4 e6 4. Nc3 Nbd7 5. cxd5 exd5 6. g3 c6 7. Bg2 Bd6 8.
O-O O-O 9. Bf4 Bxf4 10. gxf4 Re8 11. e3 Nf8 12. Ne5 Ng6 13. b4 Nxe5 14. fxe5
Ng4 15. Qf3 Nh6 16. Kh1 Bg4 17. Qg3 Re6 18. f3 Bh5 19. Ne2 Nf5 20. Qf2 Rh6 21.
Ng3 Qg5 22. Nxf5 Qxf5 23. Rac1 a6 1/2-1/2

[Event "DEM U16 2005"]
[Site "Willingen GER"]
[Date "2005.05.17"]
[Round "4"]
[White "Glantz, Robert"]
[Black "K, Torben"]
[Result "0-1"]
[Termination "normal"]
[Board "13"]
[WhiteElo "1731"]
[BlackElo "1874"]
[PlyCount "74"]
[WhiteFideId "24629596"]
[BlackFideId "24618454"]
[EventCountry "GER"]
[EventRounds "9"]
[EventType "swiss"]
[EventDate "2005.05.15"]

1. d4 Nf6 2. Nf3 g6 3. c4 Bg7 4. Nc3 O-O 5. e4 d6 6. Be2 e5 7. O-O Nc6 8. d5
Ne7 9. Ne1 Ne8 10. Nd3 f5 11. f3 a5 12. Be3 f4 13. Bf2 g5 14. c5 Rf7 15. cxd6
cxd6 16. Rc1 Rb8 17. Qb3 h5 18. Bb6 Qd7 19. Nf2 Ng6 20. Bxa5 Bf8 21. Na4 b6 22.
Bd2 Nf6 23. h3 Rg7 24. Nxb6 Qd8 25. Rxc8 Rxc8 26. Nxc8 Qxc8 27. Rc1 Qd8 28. Qc3
Qb6 29. Kf1 Nh4 30. a4 g4 31. Qb4 Qa7 32. hxg4 hxg4 33. fxg4 Nh5 34. Bf3 Ng3+
35. Kg1 Nxf3+ 36. gxf3 Rh7 37. Rc2 Rh1+ 0-1

[Event "DEM U16 2005"]
[Site "Willingen GER"]
[Date "2005.05.17"]
[Round "4"]
[White "Braun, Konstantin"]
[Black "Isakson, Alex"]
[Result "1/2-1/2"]
[Termination "normal"]
[Board "14"]
[WhiteElo "1662"]
[BlackElo "1582"]
[PlyCount "41"]
[BlackFideId "24637351"]
[EventCountry "GER"]
[EventRounds "9"]
[EventType "swiss"]
[EventDate "2005.05.15"]

1. e4 c5 2. d4 cxd4 3. c3 dxc3 4. Nxc3 Nc6 5. Bc4 e6 6. Nf3 d6 7. O-O Nf6 8.
Qe2 a6 9. Rd1 Qc7 10. Bf4 Be7 11. e5 Nh5 12. exd6 Nxf4 13. Qd2 Bxd6 14. Qxd6
Qxd6 15. Rxd6 Bd7 16. Rad1 Rd8 17. Ng5 Ne5 18. Bb3 Ke7 19. R6d4 Nfg6 20. Nce4
h6 21. Nh3 1/2-1/2

[Event "DEM U16 2005"]
[Site "Willingen GER"]
[Date "2005.05.17"]
[Round "5"]
[White "Figura, Atila Gajo"]
[Black "Bindrich, Falko"]
[Result "1/2-1/2"]
[Termination "normal"]
[Board "1"]
[BlackTitle "FM"]
[WhiteElo "2193"]
[BlackElo "2339"]
[PlyCount "56"]
[WhiteFideId "4688058"]
[BlackFideId "4676670"]
[EventCountry "GER"]
[EventRounds "9"]
[EventType "swiss"]
[EventDate "2005.05.15"]

1. d4 Nf6 2. c4 e6 3. Nc3 Bb4 4. Qc2 c5 5. dxc5 O-O 6. a3 Bxc5 7. Nf3 b6 8. Bg5
Bb7 9. e4 h6 10. Bh4 Be7 11. Rd1 Nh5 12. Bg3 f5 13. exf5 exf5 14. Bxb8 Qxb8 15.
Nd5 Re8 16. Be2 Bxd5 17. cxd5 Nf4 18. O-O Nxe2+ 19. Qxe2 Bxa3 20. Qb5 Bc5 21.
Qxd7 Qc8 22. Qb5 a6 23. Qb3 Re4 24. Rfe1 Kh8 25. d6 Rxe1+ 26. Nxe1 Qd7 27. Nf3
Re8 28. Qd5 Kh7 1/2-1/2

[Event "DEM U16 2005"]
[Site "Willingen GER"]
[Date "2005.05.17"]
[Round "5"]
[White "Beck, Frederik"]
[Black "Alsheimer, Christoph"]
[Result "1-0"]
[Termination "normal"]
[Board "2"]
[WhiteElo "2212"]
[BlackElo "2031"]
[PlyCount "55"]
[WhiteFideId "4687388"]
[BlackFideId "24605433"]
[EventCountry "GER"]
[EventRounds "9"]
[EventType "swiss"]
[EventDate "2005.05.15"]

1. e4 e6 2. d4 d5 3. exd5 exd5 4. Nf3 Bg4 5. h3 Bh5 6. Qe2+ Qe7 7. Be3 Nc6 8.
g4 Bg6 9. Nc3 O-O-O 10. O-O-O Nf6 11. Ne5 Nb4 12. a3 Bxc2 13. Re1 Bg6 14. axb4
Qxb4 15. Qb5 Ne4 16. Qxb4 Bxb4 17. Nxg6 hxg6 18. Kc2 Rhe8 19. Bd3 c5 20. Bxe4
Bxc3 21. Kxc3 cxd4+ 22. Bxd4 dxe4 23. Bxg7 Rd3+ 24. Kc2 f5 25. gxf5 gxf5 26. h4
Rg8 27. Reg1 Rgd8 28. h5 1-0

[Event "DEM U16 2005"]
[Site "Willingen GER"]
[Date "2005.05.17"]
[Round "5"]
[White "Abel, Dennes"]
[Black "Baldauf, Marco"]
[Result "1/2-1/2"]
[Termination "normal"]
[Board "3"]
[WhiteElo "2177"]
[BlackElo "2134"]
[PlyCount "51"]
[WhiteFideId "24605417"]
[BlackFideId "4688210"]
[EventCountry "GER"]
[EventRounds "9"]
[EventType "swiss"]
[EventDate "2005.05.15"]

1. e4 e5 2. Nf3 Nc6 3. Nc3 Nf6 4. d4 exd4 5. Nxd4 Bb4 6. Nxc6 bxc6 7. Bd3 d5 8.
exd5 cxd5 9. O-O O-O 10. Bg5 c6 11. Qf3 Be6 12. h3 h6 13. Bf4 Bd6 14. Ne2 Rb8
15. b3 c5 16. Rad1 Rb6 17. Ng3 Bxf4 18. Qxf4 Qb8 19. Qxb8 Rfxb8 20. Rfe1 g6 21.
f4 c4 22. Be2 cxb3 23. axb3 Ne4 24. Nxe4 dxe4 25. Rd4 Rc8 26. Rxe4 1/2-1/2

[Event "DEM U16 2005"]
[Site "Willingen GER"]
[Date "2005.05.17"]
[Round "5"]
[White "Lubbe, Nikolas"]
[Black "Dinger, Florian"]
[Result "1/2-1/2"]
[Termination "normal"]
[Board "4"]
[WhiteElo "2205"]
[BlackElo "2099"]
[PlyCount "51"]
[WhiteFideId "4694031"]
[BlackFideId "24605573"]
[EventCountry "GER"]
[EventRounds "9"]
[EventType "swiss"]
[EventDate "2005.05.15"]

1. c4 e5 2. Nc3 Nf6 3. g3 d5 4. cxd5 Nxd5 5. Bg2 Nb6 6. Nf3 Nc6 7. O-O Be7 8.
d3 O-O 9. a3 a5 10. Be3 Be6 11. Bxb6 cxb6 12. Qa4 Rc8 13. Qb5 Bc5 14. Ne4 Nd4
15. Nxd4 Bxd4 16. e3 Bc5 17. Rac1 Bd7 18. Qb3 Be6 19. Qd1 Bd5 20. Qh5 f5 21. d4
g6 22. Qe2 exd4 23. exd4 Bxd4 24. Rxc8 Qxc8 25. Nf6+ Bxf6 26. Bxd5+ 1/2-1/2

[Event "DEM U16 2005"]
[Site "Willingen GER"]
[Date "2005.05.17"]
[Round "5"]
[White "Rehberg, Raphael"]
[Black "Pilat, Daniel"]
[Result "1-0"]
[Termination "normal"]
[Board "5"]
[WhiteElo "2189"]
[BlackElo "2146"]
[PlyCount "85"]
[WhiteFideId "4686799"]
[BlackFideId "24602116"]
[EventCountry "GER"]
[EventRounds "9"]
[EventType "swiss"]
[EventDate "2005.05.15"]

1. e4 c5 2. Nf3 a6 3. c3 e6 4. d4 d5 5. exd5 exd5 6. Bd3 Nc6 7. O-O Bd6 8. Re1+
Nge7 9. Nbd2 cxd4 10. Nxd4 Nxd4 11. cxd4 h6 12. Nf3 O-O 13. Qb3 Nc6 14. Bd2 Rb8
15. Rac1 Be6 16. Bb1 Qd7 17. Qd3 f5 18. Ne5 Bxe5 19. dxe5 d4 20. f4 Rfd8 21. a3
g6 22. Bc2 Qd5 23. Qg3 Kh7 24. Bd3 b5 25. Rc2 Rdc8 26. Rec1 Qd7 27. Rc5 Bd5 28.
Qe1 Nd8 29. Rxc8 Rxc8 30. Rxc8 Qxc8 31. Qc1 Qxc1+ 32. Bxc1 Ne6 33. b4 Bb3 34.
Kf2 g5 35. g3 Kg7 36. Be2 Kf7 37. Bf3 a5 38. bxa5 Nc5 39. Ke2 Bc4+ 40. Ke1 Ne4
41. a6 Bd5 42. a7 Ke7 43. Be2 1-0

[Event "DEM U16 2005"]
[Site "Willingen GER"]
[Date "2005.05.17"]
[Round "5"]
[White "Sohl, Jan"]
[Black "Tereick, Benjamin"]
[Result "0-1"]
[Termination "normal"]
[Board "6"]
[WhiteElo "2121"]
[BlackElo "2172"]
[PlyCount "122"]
[WhiteFideId "4698070"]
[BlackFideId "24607541"]
[EventCountry "GER"]
[EventRounds "9"]
[EventType "swiss"]
[EventDate "2005.05.15"]

1. e4 e6 2. d4 d5 3. Nc3 Nf6 4. Bg5 Bb4 5. e5 h6 6. Bc1 Ne4 7. Qg4 g6 8. Nge2
c5 9. a3 Bxc3+ 10. bxc3 cxd4 11. cxd4 Qa5+ 12. c3 Nc6 13. Be3 Ne7 14. Qh3 f6
15. exf6 e5 16. Qf3 Nf5 17. g4 Nxd4 18. f7+ Kf8 19. Bxd4 exd4 20. Bg2 Rh7 21.
Nxd4 Rxf7 22. Qe3 Qxc3+ 23. Qxc3 Nxc3 24. h3 Bd7 25. O-O Rf4 26. Nb3 Re8 27.
Kh2 Bb5 28. Rfc1 Ne2 29. Rc7 Rxf2 30. Rxb7 Nf4 31. Kg3 Rxg2+ 32. Kxf4 Be2 33.
Nc5 Rf2+ 34. Kg3 Rf3+ 35. Kg2 Rf7 36. Rab1 Ree7 37. Rb8+ Kg7 38. Rd8 Bc4 39.
Rb2 Bf1+ 40. Kh2 Re3 41. Rb3 Rxb3 42. Nxb3 Rf3 43. Nd2 Rxh3+ 44. Kg1 Bc4 45.
Nxc4 dxc4 46. Rd7+ Kf6 47. Rxa7 Rg3+ 48. Kf2 Rxg4 49. a4 c3 50. Ke2 Rc4 51. Kd1
c2+ 52. Kc1 h5 53. a5 h4 54. a6 Kg5 55. Ra8 Ra4 56. Kxc2 h3 57. Kb3 Rh4 58. a7
h2 59. Rg8 h1=Q 60. a8=Q Qxa8 61. Rxa8 Rd4 0-1

[Event "DEM U16 2005"]
[Site "Willingen GER"]
[Date "2005.05.17"]
[Round "5"]
[White "Schneider, David"]
[Black "Lieder, Konrad"]
[Result "0-1"]
[Termination "normal"]
[Board "8"]
[WhiteElo "2144"]
[BlackElo "2058"]
[PlyCount "72"]
[WhiteFideId "4697111"]
[BlackFideId "4692721"]
[EventCountry "GER"]
[EventRounds "9"]
[EventType "swiss"]
[EventDate "2005.05.15"]

1. Nf3 Nf6 2. b3 c5 3. Bb2 Nc6 4. e3 e6 5. Bb5 Qc7 6. O-O Be7 7. d4 b6 8. Nbd2
Bb7 9. dxc5 bxc5 10. Nc4 d6 11. Qe2 O-O 12. Rad1 Rfd8 13. Nfd2 a5 14. Rfe1 h6
15. f3 d5 16. Bxc6 Bxc6 17. Ne5 Be8 18. e4 Bd6 19. f4 Rab8 20. c4 d4 21. Ndf3
Bxe5 22. Nxe5 a4 23. Rd3 axb3 24. axb3 Rb6 25. Rb1 Rdb8 26. Ba3 Nd7 27. Nxd7
Bxd7 28. Qh5 f5 29. Rg3 e5 30. fxe5 Qxe5 31. exf5 Rxb3 32. Rf1 Rb1 33. Bc1 Rf8
34. Qg6 Rxf5 35. Rxf5 Bxf5 36. Qxh6 Qe1# 0-1

[Event "DEM U16 2005"]
[Site "Willingen GER"]
[Date "2005.05.17"]
[Round "5"]
[White "Friedrich, Paul-Robert"]
[Black "Ebert, Manuel"]
[Result "1-0"]
[Termination "normal"]
[Board "9"]
[WhiteElo "1956"]
[BlackElo "2064"]
[PlyCount "131"]
[WhiteFideId "24616036"]
[BlackFideId "24621102"]
[EventCountry "GER"]
[EventRounds "9"]
[EventType "swiss"]
[EventDate "2005.05.15"]

1. d4 d5 2. c4 e6 3. Nc3 Nf6 4. Nf3 Be7 5. Bf4 c6 6. e3 O-O 7. cxd5 exd5 8. Bd3
Nbd7 9. Qc2 Re8 10. O-O Nf8 11. Rab1 a5 12. a3 Ng6 13. Bg3 Nh5 14. b4 Nxg3 15.
hxg3 Bf8 16. b5 Bxa3 17. bxc6 bxc6 18. Qa4 Qd6 19. Nxd5 Qxd5 20. Qxa3 Bg4 21.
Nd2 h5 22. Bxg6 fxg6 23. Rfc1 Be2 24. Rc5 Qd6 25. Qc3 Bb5 26. Nc4 Qf6 27. Nxa5
Rf8 28. f3 Qd6 29. f4 Ra6 30. Nxc6 Rxc6 31. Rbxb5 Ra6 32. Rc8 Ra3 33. Rxf8+
Qxf8 34. Qb4 Qxb4 35. Rxb4 Rxe3 36. Kf2 Rd3 37. Rb8+ Kf7 38. Rd8 Rd2+ 39. Kg1
Rd3 40. Kh2 Ke7 41. Rd5 Kf6 42. Kh3 Rd1 43. g4 Rh1+ 44. Kg3 h4+ 45. Kf3 h3 46.
gxh3 Rxh3+ 47. Ke4 Rh1 48. Rd6+ Kf7 49. Rd7+ Kf8 50. d5 Re1+ 51. Kd4 Rd1+ 52.
Ke5 Re1+ 53. Kd6 Rf1 54. Re7 Rd1 55. Re5 Kf7 56. Kd7 Ra1 57. d6 Ra7+ 58. Kc8
Ra8+ 59. Kb7 Ra1 60. d7 Rb1+ 61. Kc7 Rc1+ 62. Kd6 Rd1+ 63. Rd5 Rxd5+ 64. Kxd5
Ke7 65. Kc6 Kd8 66. Kd6 1-0

[Event "DEM U16 2005"]
[Site "Willingen GER"]
[Date "2005.05.17"]
[Round "5"]
[White "Billing, Christian"]
[Black "Rietze, Clemens"]
[Result "1-0"]
[Termination "normal"]
[Board "10"]
[WhiteElo "2013"]
[BlackElo "1879"]
[PlyCount "47"]
[WhiteFideId "4697294"]
[BlackFideId "24620351"]
[EventCountry "GER"]
[EventRounds "9"]
[EventType "swiss"]
[EventDate "2005.05.15"]

1. e4 c5 2. d3 Nc6 3. g3 g6 4. Bg2 Bg7 5. Nc3 e6 6. Be3 d6 7. Qd2 Nge7 8. Nf3
e5 9. Bh6 O-O 10. h4 Bg4 11. Nh2 Qd7 12. f3 Be6 13. h5 gxh5 14. Qg5 Ng6 15.
Bxg7 Kxg7 16. Qxh5 f5 17. Ng4 Kg8 18. exf5 Bxf5 19. Nh6+ Kh8 20. Nxf5 Rxf5 21.
Qxg6 Rg8 22. Qh6 Nd4 23. O-O-O Rxg3 24. Bh3 1-0

[Event "DEM U16 2005"]
[Site "Willingen GER"]
[Date "2005.05.17"]
[Round "5"]
[White "Held, Florian"]
[Black "Gegenfurtner, Jürgen"]
[Result "0-1"]
[Termination "normal"]
[Board "11"]
[WhiteElo "1980"]
[BlackElo "1926"]
[PlyCount "40"]
[WhiteFideId "24629090"]
[EventCountry "GER"]
[EventRounds "9"]
[EventType "swiss"]
[EventDate "2005.05.15"]

1. e4 e6 2. d4 d5 3. Nc3 Bb4 4. Nge2 dxe4 5. a3 Be7 6. Nxe4 Nf6 7. N2g3 Nbd7 8.
Bd3 b6 9. O-O Bb7 10. c4 h5 11. Qf3 Qc8 12. Nxf6+ Bxf6 13. d5 Ne5 14. Qe2 Nxd3
15. Qxd3 Qd7 16. Qe2 O-O-O 17. dxe6 Qc6 18. f4 h4 19. e7 Bd4+ 20. Rf2 Qxg2# 0-1

[Event "DEM U16 2005"]
[Site "Willingen GER"]
[Date "2005.05.17"]
[Round "5"]
[White "Kühn, Martin"]
[Black "Glantz, Robert"]
[Result "0-1"]
[Termination "normal"]
[Board "12"]
[WhiteElo "1758"]
[BlackElo "1731"]
[PlyCount "48"]
[BlackFideId "24629596"]
[EventCountry "GER"]
[EventRounds "9"]
[EventType "swiss"]
[EventDate "2005.05.15"]

1. d4 Nf6 2. c4 g6 3. Nc3 Bg7 4. e4 d6 5. Nge2 O-O 6. Ng3 Nc6 7. h4 h5 8. Be2
e5 9. d5 Nd4 10. O-O Nh7 11. Be3 Nxe2+ 12. Ngxe2 Qe7 13. g3 Bh3 14. Re1 f5 15.
exf5 Rxf5 16. f4 Bf6 17. Bf2 Rf8 18. Nd4 Rxf4 19. gxf4 Bxh4 20. Bxh4 Qxh4 21.
Qc2 exd4 22. Qxg6+ Kh8 23. Nb5 Bg4 24. Qd3 Rg8 0-1

[Event "DEM U16 2005"]
[Site "Willingen GER"]
[Date "2005.05.17"]
[Round "5"]
[White "Isakson, Alex"]
[Black "Böttger, Lukas"]
[Result "1/2-1/2"]
[Termination "normal"]
[Board "13"]
[WhiteElo "1582"]
[BlackElo "2062"]
[PlyCount "131"]
[WhiteFideId "24637351"]
[BlackFideId "24620068"]
[EventCountry "GER"]
[EventRounds "9"]
[EventType "swiss"]
[EventDate "2005.05.15"]

1. e4 c5 2. Nf3 d6 3. d4 cxd4 4. Nxd4 Nf6 5. Nc3 a6 6. Be3 e6 7. f3 b5 8. Qd2
Bb7 9. g4 Nfd7 10. O-O-O Nb6 11. Kb1 N8d7 12. Nb3 Rc8 13. Bf4 Ne5 14. Bxe5 dxe5
15. Qxd8+ Rxd8 16. Be2 Be7 17. Rxd8+ Kxd8 18. Kc1 Kc7 19. Bd3 h5 20. Rg1 hxg4
21. Rxg4 g6 22. Rg2 Rh3 23. Be2 Bf8 24. Nd2 Nd7 25. Nd1 Bc5 26. Nf1 Nf6 27.
Nde3 Bxe3+ 28. Nxe3 Kd6 29. Kd2 Nh5 30. c4 Nf4 31. Rf2 b4 32. Nc2 a5 33. b3 f5
34. Bf1 Rh8 35. Ke3 Kc5 36. Rd2 Bc6 37. Ne1 g5 38. Nc2 a4 39. Ne1 axb3 40. axb3
Rh7 41. Nc2 Ra7 42. Ne1 Ra3 43. Nd3+ Nxd3 44. Rxd3 Ra1 45. Bg2 Ra2 46. Rd2 Rxd2
47. Kxd2 Kd4 48. Bh1 Be8 49. h3 Bc6 50. Bg2 Bb7 51. Bh1 Ba6 52. Bg2 Bc8 53. Bh1
Bd7 54. Bg2 Be8 55. Bh1 Bh5 56. Bg2 fxe4 57. fxe4 Kc5 58. Bh1 Kd6 59. Bg2 Ke7
60. Bh1 Kf6 61. Bg2 Kg7 62. Bh1 Kh6 63. Bg2 Kg7 64. Bh1 Kf6 65. Bg2 Be8 66. Bf3
1/2-1/2

[Event "DEM U16 2005"]
[Site "Willingen GER"]
[Date "2005.05.17"]
[Round "5"]
[White "K, Torben"]
[Black "Braun, Konstantin"]
[Result "1/2-1/2"]
[Termination "normal"]
[Board "14"]
[WhiteElo "1874"]
[BlackElo "1662"]
[PlyCount "54"]
[WhiteFideId "24618454"]
[EventCountry "GER"]
[EventRounds "9"]
[EventType "swiss"]
[EventDate "2005.05.15"]

1. e4 c5 2. Nf3 e6 3. d4 cxd4 4. Nxd4 a6 5. Bd3 Bc5 6. Nb3 Ba7 7. O-O Nc6 8.
Qe2 Nge7 9. Be3 Qc7 10. Bxa7 Rxa7 11. Nc3 O-O 12. Kh1 b5 13. Bxb5 axb5 14. Nxb5
Qb8 15. Nxa7 Qxa7 16. Qd2 f5 17. exf5 Nxf5 18. c3 d5 19. Rfd1 Nd6 20. Nd4 Nxd4
21. Qxd4 Qxd4 22. Rxd4 Rxf2 23. Rb4 Kf7 24. Kg1 Re2 25. Rf4+ Ke7 26. Rf2 Re4
27. a4 Rc4 1/2-1/2

[Event "DEM U16 2005"]
[Site "Willingen GER"]
[Date "2005.05.18"]
[Round "6"]
[White "Bindrich, Falko"]
[Black "Beck, Frederik"]
[Result "1-0"]
[Termination "normal"]
[Board "1"]
[WhiteTitle "FM"]
[WhiteElo "2339"]
[BlackElo "2212"]
[PlyCount "81"]
[WhiteFideId "4676670"]
[BlackFideId "4687388"]
[EventCountry "GER"]
[EventRounds "9"]
[EventType "swiss"]
[EventDate "2005.05.15"]

1. e4 c5 2. Nf3 e6 3. Nc3 Nc6 4. d4 cxd4 5. Nxd4 Qc7 6. Be2 a6 7. Be3 Nf6 8. a3
Na5 9. f4 d6 10. Qd3 b5 11. O-O-O Bb7 12. Kb1 Rc8 13. Bf3 Nc4 14. f5 e5 15.
Nde2 Qa5 16. Bc1 Be7 17. Na2 Qc7 18. Nec3 h6 19. b3 Nb6 20. Bb2 Bc6 21. Nb4 Qb7
22. h4 Nfd7 23. Qe2 Nc5 24. Nxc6 Qxc6 25. g4 f6 26. Na2 Kf7 27. Nc3 Ke8 28. Na2
Kf7 29. Bg2 Ke8 30. g5 fxg5 31. Nb4 Qc7 32. Qh5+ Kf8 33. hxg5 Bxg5 34. Qg6 Bf6
35. Ka2 a5 36. Nd5 Nxd5 37. Rxd5 Rd8 38. Rhd1 Qc6 39. Bf3 Ke7 40. Bxe5 dxe5 41.
Rxe5+ 1-0

[Event "DEM U16 2005"]
[Site "Willingen GER"]
[Date "2005.05.18"]
[Round "6"]
[White "Baldauf, Marco"]
[Black "Figura, Atila Gajo"]
[Result "0-1"]
[Termination "normal"]
[Board "2"]
[WhiteElo "2134"]
[BlackElo "2193"]
[PlyCount "86"]
[WhiteFideId "4688210"]
[BlackFideId "4688058"]
[EventCountry "GER"]
[EventRounds "9"]
[EventType "swiss"]
[EventDate "2005.05.15"]

1. e4 c5 2. Nf3 e6 3. d4 cxd4 4. Nxd4 a6 5. c4 Nf6 6. Nc3 Bb4 7. Bd3 Nc6 8. a3
Bxc3+ 9. bxc3 Qc7 10. f4 d6 11. O-O O-O 12. Kh1 e5 13. Nc2 exf4 14. Bxf4 Ng4
15. Nb4 Nxb4 16. cxb4 Ne5 17. Rc1 Qe7 18. Be2 Rd8 19. Qd4 Nc6 20. Qd3 Be6 21.
Qg3 f6 22. Rfd1 Ne5 23. c5 Bf7 24. cxd6 Rxd6 25. Be3 Rad8 26. Rxd6 Qxd6 27. h3
Bg6 28. Bc5 Qc6 29. Bf3 Qa4 30. Rc3 Qd7 31. Rc1 Kh8 32. Qf2 Nd3 33. Qd2 Nxc1
34. Qxc1 Bf7 35. Qc3 Qd3 36. Qe1 h6 37. e5 Re8 38. Bxb7 Rxe5 39. Qf2 Bd5 40.
Bxd5 Qxd5 41. Kh2 Qd3 42. a4 Qd1 43. Qd4 Qxa4 0-1